000 00297nam a2200121Ia 4500
008 090707b ii f a fnsan d
040 _aRCL
100 _aThakur,J.
_930290
245 _aIndira Gandhi and Her Power Game
260 _c1980.
_aGhaziabad;
_bVikas Pub.
300 _a612p.
942 _cBK
999 _c13958
_d13958